<The> Royalty rates as the key parameter of the valuation of the intellectual property to the transfer of intellectual property

Definícia duševného vlastníctva. Transfer duševného vlastníctva a hodnotenie duševného vlastníctva. "Relief from Royalty Method" - metóda kalkulácie ročnej hodnoty duševného vlastníctva. Indexy vhodného množstva rojalít potrebných k transferu duševného vlastníctva.

Salvato in:
Dettagli Bibliografici
Autore principale: Havier, Jan, 1989-
Natura: Capitolo di libro
Lingua:inglese
Soggetti:
Tags: Aggiungi Tag
Nessun Tag, puoi essere il primo ad aggiungerne!!

MARC

LEADER 00000nla a2200000 4500
001 0214118
005 20240502073558.9
041 0 |a eng 
044 |a SK 
245 1 0 |a <The> Royalty rates as the key parameter of the valuation of the intellectual property to the transfer of intellectual property  |c Jan Havier 
520 |a Definícia duševného vlastníctva. Transfer duševného vlastníctva a hodnotenie duševného vlastníctva. "Relief from Royalty Method" - metóda kalkulácie ročnej hodnoty duševného vlastníctva. Indexy vhodného množstva rojalít potrebných k transferu duševného vlastníctva. 
610 2 0 |a vlastníctvo duševné 
610 2 0 |a hodnota 
610 2 0 |a transfer technológie 
610 2 0 |a transfer inovácií 
610 2 0 |a metódy 
100 1 |a Havier, Jan, 1989-